000 00926nas a2200325 4500
001 BR0305374
003 BR-BrBNA
005 20231205104142.0
007 ta
008 230509b bl.|||p| |||| 00| 00por d
040 _aBR-BrBNA
_bpor
_cBiblioteca Nacional de Agricultura
041 _a(Pt)
072 _aH10
100 1 _aMartinelli, S.
100 1 _aMontagna, M.A.
100 1 _aPicinato, N.C.
100 1 _aSilva, F.M.A.
100 1 _aFernandes, O.P.
245 1 _aEficácia do indoxacarb para o controle de pragas em hortaliças
650 _aREPOLHO
650 _aTOMATE
650 _aPRAGA DE PLANTA
650 _aINSETO
650 _aINSETICIDA
650 _aCONTROLE QUÍMICO
650 _aANÁLISE COMPARATIVA
773 0 _tHorticultura Brasileira (Brazil)
_xISSN 0102-0536
_g(Jul-Sep 2003), v. 21(3) p. 501-505
_wBR0305374
909 _a202311
_bLúcia
_c55
_dLúcia Elande
942 _2AGRIS
_n0
_cANA
999 _c176640
_d176640